000 00219nam a22001097a 4500
082 _a627.98WIL
100 _aWilon James F
245 _aDynamics :
260 _aNew York
_bJohn Wily
_c1984
300 _a546
942 _cBK
999 _c14824
_d14824